Chemical engineering thermodynamics :theory and applications

Сохранить в:
Библиографические подробности
Главный автор: RAVI, R.
Формат:
Язык:английский
Опубликовано: Ane Books 2020
Метки: Добавить метку
Нет меток, Требуется 1-ая метка записи!

MARC

LEADER 00000nam a22000007a 4500
008 240827b |||||||| |||| 00| 0 eng d
020 |a 9789389212310 
100 |a RAVI, R. 
245 |a Chemical engineering thermodynamics  |b :theory and applications  |c /R Ravi  |g xxviii, 359p.;ill 
260 |b Ane Books  |c 2020  |h New Delhi  |i 700433  |i 700434  |l QC311.R19  |m Thermodynamics  |m Chemical engineering 
500 |a it includes references and index 
942 |a lcc  |c BK  |e Johnson  |f 27/08/24 
952 |0 0  |1 0  |2 lcc  |4 0  |6 QC0311 R19  |7 0  |9 5527  |a SL  |b HOL  |c QZ  |d 2024-08-27  |l 0  |o QC311.R19  |p 2024-0767  |r 2024-08-27 00:00:00  |t 700433  |w 2024-08-27  |y BK 
952 |0 0  |1 0  |2 lcc  |4 0  |6 QC0311 R19  |7 0  |9 5528  |a HOL  |b HOL  |c QZ  |d 2024-08-27  |l 0  |o QC311.R19  |p 2024-0768  |r 2024-08-27 00:00:00  |t 700434  |w 2024-08-27  |y BK 
999 |c 2729  |d 2729